[Event "España ch-2015 sub-16"]
[Site "Salobreña ESP"]
[Date "2015.07.22"]
[Round "5.3"]
[White "Lopez Mulet, Iñigo"]
[Black "Escudero Manzano, Sergio"]
[Result "1/2-1/2"]
[WhiteElo "2345"]
[BlackElo "2153"]
[PlyCount "96"]
[EventDate "2015.07.20"]
[EventType "swiss"]
[EventRounds "9"]
[EventCountry "ESP"]
[Source "lmi"]
[SourceDate "2015.07.20"]

1. d4 Nf6 2. c4 g6 3. g3 Bg7 4. Bg2 O-O 5. Nc3 d6 6. Nf3 c5 7. d5 e6 8. O-O
exd5 9. cxd5 Re8 10. Re1 a6 11. a4 Nbd7 12. e4 Rb8 13. a5 Qc7 14. h3 b5 15.
axb6 Rxb6 16. Ra2 Nh5 17. Bd2 Ne5 18. Nxe5 Bxe5 19. Na4 Rb8 20. Bc3 Bxc3 21.
Nxc3 Bd7 22. Qf3 f5 23. e5 Rxe5 24. Rxe5 dxe5 25. Rxa6 Qb7 26. Qd3 e4 27. Qc4
Qb4 28. Bf1 Kf8 29. d6 Nf6 30. Ra7 Qxc4 31. Bxc4 Rd8 32. Rb7 Be8 33. Rc7 Rxd6
34. Rxc5 Rc6 35. Rxc6 Bxc6 36. Kf1 Ke7 37. Ke2 Kd6 38. Ke3 Ke5 39. Be2 g5 40.
f4+ exf3 41. Bxf3 Bd7 42. Kf2 h5 43. Bg2 f4 44. gxf4+ Kxf4 45. b4 g4 46. hxg4
Nxg4+ 47. Kg1 Ne3 48. Nd5+ Ke5 1/2-1/2

[Event "España ch-2015 sub-16"]
[Site "Salobreña ESP"]
[Date "2015.07.22"]
[Round "5.4"]
[White "Santos Ruiz, Miguel"]
[Black "Bayo Milagro, Alvaro"]
[Result "1/2-1/2"]
[WhiteElo "2329"]
[BlackElo "2109"]
[PlyCount "70"]
[EventDate "2015.07.20"]
[EventType "swiss"]
[EventRounds "9"]
[EventCountry "ESP"]
[Source "lmi"]
[SourceDate "2015.07.20"]

1. e4 e6 2. d4 d5 3. Nd2 Nf6 4. e5 Nfd7 5. Bd3 c5 6. c3 Nc6 7. Ne2 cxd4 8. cxd4
f6 9. exf6 Nxf6 10. O-O Bd6 11. Nf3 O-O 12. Bf4 Bxf4 13. Nxf4 Ng4 14. Ne2 Qd6
15. h3 Nf6 16. Bb5 Bd7 17. Bxc6 bxc6 18. Rc1 Rac8 19. Qd3 Be8 20. Ne5 c5 21.
Qa3 Bb5 22. Rfe1 Ne4 23. Nc3 cxd4 24. Nxb5 Qxe5 25. Rxc8 Rxc8 26. Qd3 Qb8 27.
Nxd4 Qxb2 28. Re2 Qb8 29. g3 Qd6 30. Kg2 h6 31. Nf3 Rc3 32. Qd4 Qa3 33. Ne5 Qc5
34. Qa4 Qe7 35. Qb5 Qf6 1/2-1/2

[Event "España ch-2015 sub-16"]
[Site "Salobreña ESP"]
[Date "2015.07.22"]
[Round "5.5"]
[White "Palenciano Escolar, Adrian"]
[Black "Perez Garcia, Alejandro"]
[Result "1-0"]
[WhiteElo "2108"]
[BlackElo "2322"]
[PlyCount "123"]
[EventDate "2015.07.20"]
[EventType "swiss"]
[EventRounds "9"]
[EventCountry "ESP"]
[Source "lmi"]
[SourceDate "2015.07.20"]

1. e4 e6 2. d4 d5 3. Nd2 c5 4. exd5 Qxd5 5. Ngf3 cxd4 6. Bc4 Qd7 7. O-O Nc6 8.
Nb3 Nf6 9. Nbxd4 Nxd4 10. Nxd4 a6 11. Bb3 Bd6 12. Re1 Qc7 13. h3 O-O 14. Bg5
Be5 15. c3 h6 16. Nf3 Bxc3 17. Rc1 hxg5 18. Rxc3 Qe7 19. Nxg5 Bd7 20. Qb1 Rfc8
21. Rg3 Rc5 22. Ne4 Re5 23. Nc3 Rxe1+ 24. Qxe1 Bc6 25. Qe5 g6 26. f4 Re8 27. f5
Nd7 28. Qe3 Qc5 29. fxg6 fxg6 30. Rxg6+ Kh7 31. Rg3 Qxe3+ 32. Rxe3 Nc5 33. Bc2+
Kg7 34. b4 Nd7 35. Ne4 e5 36. Rg3+ Kf8 37. Rg6 Re7 38. Bb3 Rg7 39. Rxg7 Kxg7
40. Bc2 b6 41. Kf2 a5 42. bxa5 bxa5 43. Nc3 Nf6 44. g3 Kh6 45. Ba4 Bb7 46. Bc2
Kg5 47. h4+ Kg4 48. Bd1+ Kf5 49. Ke3 Bc6 50. Be2 Be8 51. Bf3 Bh5 52. Bxh5 Nxh5
53. Ne4 Kg4 54. Kf2 Ng7 55. Nd6 Nh5 56. Ne4 Ng7 57. Nd2 Nh5 58. Nf1 e4 59. Ne3+
Kh3 60. g4 Nf4 61. h5 Kh4 62. Ng2+ 1-0

[Event "España ch-2015 sub-16"]
[Site "Salobreña ESP"]
[Date "2015.07.22"]
[Round "5.6"]
[White "Portela Peleteiro, Alberto"]
[Black "Laiz Ibanez, Hector"]
[Result "1-0"]
[WhiteElo "2105"]
[BlackElo "2180"]
[PlyCount "69"]
[EventDate "2015.07.20"]
[EventType "swiss"]
[EventRounds "9"]
[EventCountry "ESP"]
[Source "lmi"]
[SourceDate "2015.07.20"]

1. e4 e6 2. d4 d5 3. Nc3 Nf6 4. Bg5 Be7 5. e5 Nfd7 6. Bxe7 Qxe7 7. f4 a6 8. Nf3
c5 9. Qd2 Nc6 10. g3 O-O 11. Bg2 b5 12. O-O b4 13. Ne2 a5 14. Rf2 Ba6 15. Re1
Bxe2 16. Rexe2 Rfc8 17. c3 bxc3 18. bxc3 cxd4 19. cxd4 Rab8 20. Bh3 Rb1+ 21.
Kg2 Qb4 22. f5 Nf8 23. Qf4 h6 24. Rd2 Qa3 25. fxe6 fxe6 26. Bxe6+ Nxe6 27. Qf5
Rbb8 28. Qxe6+ Kh8 29. Qxd5 Nb4 30. Qe4 Rd8 31. d5 Qc1 32. e6 Na6 33. Ne5 Kg8
34. e7 Re8 35. d6 1-0

[Event "España ch-2015 sub-16"]
[Site "Salobreña ESP"]
[Date "2015.07.22"]
[Round "5.7"]
[White "Martin Carmona, Gaston Manuel"]
[Black "Nieves Cabanes, Jose Manuel"]
[Result "0-1"]
[WhiteElo "2049"]
[BlackElo "2180"]
[PlyCount "89"]
[EventDate "2015.07.20"]
[EventType "swiss"]
[EventRounds "9"]
[EventCountry "ESP"]
[Source "lmi"]
[SourceDate "2015.07.20"]

1. e4 c6 2. d4 d5 3. e5 Bf5 4. Nc3 a6 5. Nf3 e6 6. Be2 c5 7. dxc5 Bxc5 8. O-O
Nc6 9. a3 Nge7 10. Bf4 O-O 11. Re1 b5 12. Bd3 Rc8 13. Bxf5 Nxf5 14. Qd3 Ncd4
15. Nxd4 Bxd4 16. Nd1 Bb6 17. Ne3 Nh4 18. c3 Ng6 19. Bg3 h5 20. h3 Qg5 21. Nf1
h4 22. Bh2 f6 23. exf6 Rxf6 24. Ne3 Rcf8 25. Re2 Rxf2 26. Rxf2 Bxe3 27. Raf1
Ne5 28. Qe2 Bxf2+ 29. Rxf2 Qc1+ 30. Rf1 Rxf1+ 31. Qxf1 Qxf1+ 32. Kxf1 Nc4 33.
Ke2 Nxb2 34. Bd6 Nc4 35. Bc5 Kf7 36. Kf3 g5 37. Ke2 Kf6 38. Kf3 Kf5 39. Be7 e5
40. Bc5 Nd2+ 41. Ke3 Ne4 42. Bb4 Nxc3 43. Bxc3 d4+ 44. Bxd4 exd4+ 45. Kxd4 0-1

[Event "España ch-2015 sub-16"]
[Site "Salobreña ESP"]
[Date "2015.07.22"]
[Round "5.8"]
[White "Martinez Pla, Xavier"]
[Black "Domingo Nunez, Alejandro"]
[Result "0-1"]
[WhiteElo "2005"]
[BlackElo "2197"]
[PlyCount "143"]
[EventDate "2015.07.20"]
[EventType "swiss"]
[EventRounds "9"]
[EventCountry "ESP"]
[Source "lmi"]
[SourceDate "2015.07.20"]

1. e4 e6 2. d4 d5 3. Nc3 Bb4 4. e5 c5 5. a3 Bxc3+ 6. bxc3 Qa5 7. Bd2 Qa4 8. Qb1
c4 9. Nh3 Nc6 10. Nf4 Bd7 11. g3 O-O-O 12. Bh3 Nge7 13. Bg4 Kb8 14. h4 Nc8 15.
h5 h6 16. O-O Nb6 17. Kh2 Qa5 18. Ne2 Na4 19. f4 g6 20. Qe1 Rdg8 21. Ng1 Ne7
22. Nh3 Nf5 23. Rg1 Qd8 24. Qe2 Rg7 25. hxg6 fxg6 26. Bf3 Qg8 27. Nf2 Qf7 28.
Ng4 Nb6 29. Nf6 h5 30. Rab1 Bc6 31. Rb4 Nd7 32. Nxd7+ Qxd7 33. Rgb1 Ka8 34.
R4b2 Rf8 35. Qf2 Qf7 36. Rb4 Ne7 37. a4 g5 38. a5 h4 39. g4 gxf4 40. Kh3 Rc8
41. Qe1 Ng6 42. Qc1 Qd7 43. Qa3 a6 44. Rb6 Nf8 45. Qd6 Qe8 46. Rf1 Nh7 47. Bxf4
Rf7 48. Bg2 Qf8 49. Qxe6 Rxf4 50. Qxc8+ Qxc8 51. Rxf4 Qd8 52. Rb1 Ng5+ 53. Kh2
Qxa5 54. Rf5 Qxc3 55. Rxg5 Qg3+ 56. Kh1 h3 57. Rg8+ Ka7 58. Bf1 Qe3 59. Rf8
Qxd4 60. Bxh3 Qxe5 61. Bg2 Qg5 62. Rbf1 Qxg4 63. R8f2 a5 64. Rf4 Qe2 65. R4f2
Qe5 66. Rf5 Qh8+ 67. Kg1 Qd4+ 68. Kh1 a4 69. R5f4 Qh8+ 70. Kg1 a3 71. R4f3 Qb2
72. Ra1 0-1

[Event "España ch-2015 sub-16"]
[Site "Salobreña ESP"]
[Date "2015.07.22"]
[Round "5.9"]
[White "Lopez Rivera, Jesus"]
[Black "Aledo Yanguas, Javier"]
[Result "1/2-1/2"]
[WhiteElo "2163"]
[BlackElo "2017"]
[PlyCount "61"]
[EventDate "2015.07.20"]
[EventType "swiss"]
[EventRounds "9"]
[EventCountry "ESP"]
[Source "lmi"]
[SourceDate "2015.07.20"]

1. e4 c6 2. d4 d5 3. e5 c5 4. dxc5 Nc6 5. Nf3 Bg4 6. Bb5 e6 7. b4 Qc7 8. Nbd2
Nge7 9. Bb2 g6 10. Ba4 a6 11. c4 Bxf3 12. Qxf3 Bh6 13. cxd5 Bxd2+ 14. Kxd2 Nxd5
15. Bxc6+ Qxc6 16. Rhd1 Nxb4 17. Qxc6+ bxc6 18. Ke2 Nd5 19. Kf1 Rb8 20. Bd4 O-O
21. Rab1 Rfd8 22. f3 h5 23. g3 Rb5 24. a4 Rb4 25. Rxb4 Nxb4 26. Ke2 Nc2 27. Bc3
Rxd1 28. Kxd1 Ne3+ 29. Ke2 Nd5 30. Kd3 Kg7 31. Ke4 1/2-1/2

[Event "España ch-2015 sub-16"]
[Site "Salobreña ESP"]
[Date "2015.07.22"]
[Round "5.11"]
[White "Pulido Leon, Manuel"]
[Black "Esquivias Quintero, Luis Manuel"]
[Result "0-1"]
[WhiteElo "1991"]
[BlackElo "2134"]
[PlyCount "82"]
[EventDate "2015.07.20"]
[EventType "swiss"]
[EventRounds "9"]
[EventCountry "ESP"]
[Source "lmi"]
[SourceDate "2015.07.20"]

1. e4 Nf6 2. e5 Nd5 3. Nc3 e6 4. Nf3 d6 5. exd6 Bxd6 6. Ne4 Be7 7. d4 Nd7 8. c3
O-O 9. Bd3 c5 10. O-O b6 11. dxc5 Nxc5 12. Nxc5 Bxc5 13. Qc2 h6 14. Rd1 Qc7 15.
a3 Bb7 16. c4 Nf6 17. h3 Bxf3 18. gxf3 Qg3+ 19. Kf1 Qxf3 20. b4 Qxh3+ 21. Ke1
Bd4 22. Rb1 Rad8 23. Rb3 Qh1+ 24. Ke2 Qg2 25. Rf1 e5 26. Bf5 Nh5 27. Be4 Qg4+
28. Ke1 Qe6 29. Bd5 Qd6 30. Qf5 g6 31. Rg1 Kh7 32. Qh3 b5 33. Be4 Nf4 34. Bxf4
exf4 35. Rh1 Bg7 36. Kf1 bxc4 37. Rf3 Qe5 38. Bc2 Rd2 39. Bb1 c3 40. Bd3 Rd8
41. Kg2 Qg5+ 0-1

[Event "España ch-2015 sub-16"]
[Site "Salobreña ESP"]
[Date "2015.07.22"]
[Round "5.12"]
[White "Perez Tores, Juan Miguel"]
[Black "Jarque Megias, Juan Jose"]
[Result "0-1"]
[WhiteElo "2129"]
[BlackElo "1987"]
[PlyCount "138"]
[EventDate "2015.07.20"]
[EventType "swiss"]
[EventRounds "9"]
[EventCountry "ESP"]
[Source "lmi"]
[SourceDate "2015.07.20"]

1. e4 c5 2. Nf3 d6 3. d4 cxd4 4. Nxd4 Nf6 5. Nc3 a6 6. a4 e5 7. Nf3 Qc7 8. Bg5
Nbd7 9. Nd2 h6 10. Be3 Be7 11. Nc4 Nc5 12. f3 Be6 13. a5 O-O 14. Nb6 Rad8 15.
Be2 Qc6 16. Ncd5 Bxd5 17. Nxd5 Nxd5 18. Qxd5 Rc8 19. Qxc6 Rxc6 20. O-O Ne6 21.
c3 Bg5 22. Bxg5 hxg5 23. Ra4 Nf4 24. Kf2 Rfc8 25. g3 Ne6 26. Rd1 Kf8 27. Ke3
Ke7 28. Bf1 Rc5 29. Rd2 g6 30. Bh3 R8c7 31. Bxe6 Kxe6 32. Ra1 Rb5 33. Kd3 f5
34. b4 g4 35. exf5+ gxf5 36. fxg4 fxg4 37. Re2 d5 38. Rf1 b6 39. axb6 Rxb6 40.
Rf8 e4+ 41. Kd2 Rbc6 42. Re3 Rf7 43. Re8+ Kd7 44. Rg8 Rf2+ 45. Re2 Rxe2+ 46.
Kxe2 Rxc3 47. Rxg4 Rc2+ 48. Ke3 Rxh2 49. Rg6 Rb2 50. Rxa6 Rxb4 51. g4 Rb3+ 52.
Kf4 e3 53. Kf3 d4 54. Ra2 Rb1 55. Ke2 Rg1 56. Kd3 Rxg4 57. Ra1 Ke6 58. Ra8 Kf5
59. Rf8+ Kg5 60. Rf1 Rf4 61. Rg1+ Kh4 62. Ra1 Kg3 63. Rb1 Kg2 64. Ra1 Rf1 65.
Ra8 Rd1+ 66. Ke2 Rd2+ 67. Ke1 Kf3 68. Rf8+ Ke4 69. Ra8 Rc2 0-1

[Event "España ch-2015 sub-16"]
[Site "Salobreña ESP"]
[Date "2015.07.22"]
[Round "5.13"]
[White "Gonzalez Capacete, Jose Miguel"]
[Black "Chueca Lorente, Javier"]
[Result "1/2-1/2"]
[WhiteElo "1977"]
[BlackElo "2123"]
[PlyCount "196"]
[EventDate "2015.07.20"]
[EventType "swiss"]
[EventRounds "9"]
[EventCountry "ESP"]
[Source "lmi"]
[SourceDate "2015.07.20"]

1. e4 c5 2. Nf3 g6 3. Bc4 Bg7 4. c3 e6 5. d4 cxd4 6. Nxd4 a6 7. O-O Ne7 8. Bg5
b5 9. Bb3 Bb7 10. Nd2 d6 11. f4 Nbc6 12. Nxc6 Bxc6 13. f5 gxf5 14. Qh5 d5 15.
exf5 Qb6+ 16. Kh1 Nxf5 17. Rxf5 exf5 18. Re1+ Kf8 19. Re7 Be8 20. Bxd5 Ra7 21.
Qe2 Qb8 22. Qe3 Rxe7 23. Bxe7+ Kg8 24. Nf3 h5 25. Qg5 Rh6 26. Qxf5 Qa7 27. Bg5
Rd6 28. Bb3 Qf2 29. h3 Qf1+ 30. Kh2 Qd3 31. Qc5 Bc6 32. Be7 Rg6 33. Ng5 Qf1 34.
Bxf7+ Kh8 35. Kg3 Qxg2+ 36. Kh4 Rxg5 37. Qxg5 Qf2+ 38. Kxh5 Bf3+ 39. Kg6 Be4+
40. Kh5 Qxf7+ 41. Kg4 Qf3+ 42. Kh4 Qf2+ 43. Kg4 Qg2+ 44. Kh4 Qxg5+ 45. Kxg5 Bd5
46. a4 Kh7 47. axb5 axb5 48. Kf5 Kh6 49. Bf6 Bf8 50. Ke5 Bf3 51. Kd4 Kg6 52.
Bd8 Be2 53. Bc7 Kf5 54. Kd5 Bc4+ 55. Kc6 Be2 56. b3 Bg7 57. c4 b4 58. Kb5 Bf8
59. Ba5 Ke5 60. Bxb4 Bh6 61. Bc3+ Kd6 62. Bd4 Bg5 63. Bf2 Kc7 64. Bg3+ Kb7 65.
Kc5 Be7+ 66. Kd4 Bd1 67. Kc3 Bf6+ 68. Kb4 Be7+ 69. Kc3 Bf6+ 70. Kb4 Be7+ 71.
Ka4 Kc6 72. Bf2 Bc2 73. Be1 Bd1 74. Bb4 Bh4 75. Bf8 Bc2 76. Ka3 Bf5 77. b4 Bxh3
78. b5+ Kb6 79. Ka4 Bf2 80. Kb4 Be1+ 81. Ka4 Bf2 82. Bd6 Bf1 83. Kb4 Be1+ 84.
Kb3 Bf2 85. Be7 Bc5 86. Bf6 Be2 87. Kc3 Bf1 88. Bd8+ Kb7 89. Ba5 Bf2 90. Bd8
Bc5 91. Kb3 Be2 92. Bf6 Kb6 93. Kc3 Bf1 94. Be5 Be2 95. Bd4 Bf1 96. Bxc5+ Kxc5
97. Kd2 Bxc4 98. b6 Kd5 1/2-1/2

[Event "España ch-2015 sub-16"]
[Site "Salobreña ESP"]
[Date "2015.07.22"]
[Round "5.14"]
[White "Centron Antuna, Daniel"]
[Black "Marquez Marvizon, Alejandra"]
[Result "1-0"]
[WhiteElo "2113"]
[BlackElo "1968"]
[PlyCount "109"]
[EventDate "2015.07.20"]
[EventType "swiss"]
[EventRounds "9"]
[EventCountry "ESP"]
[Source "lmi"]
[SourceDate "2015.07.20"]

1. d4 d5 2. c4 c6 3. Nf3 dxc4 4. e3 b5 5. a4 e6 6. axb5 cxb5 7. b3 Bb4+ 8. Bd2
Bxd2+ 9. Nbxd2 a5 10. bxc4 b4 11. Ne5 Nf6 12. c5 O-O 13. Be2 Bb7 14. O-O Nc6
15. Bf3 Qc7 16. Bxc6 Bxc6 17. Nxc6 Qxc6 18. Qa4 Qc7 19. Nb3 Ra7 20. Rfc1 Nd5
21. Qb5 Rb8 22. Qc4 a4 23. Nd2 Qc6 24. e4 Nc3 25. f3 Qa6 26. Qxa6 Rxa6 27. Kf2
Kf8 28. Ke3 Rb5 29. f4 f5 30. exf5 exf5 31. Kd3 Re6 32. Re1 Kf7 33. Kc4 Rb8 34.
Rxe6 Kxe6 35. d5+ Kd7 36. Re1 g6 37. c6+ Kd6 38. Re6+ Kc7 39. Re7+ Kb6 40. Rd7
Ne2 41. c7 Rc8 42. d6 b3 43. Rd8 Kb7 44. Kb4 Nd4 45. Kxa4 Nc6 46. Rxc8 Kxc8 47.
Kxb3 Kd7 48. Nc4 Na7 49. Kb4 Nc8 50. Kc5 Nxd6 51. Nxd6 Kxc7 52. Nf7 Kd7 53. Ng5
h5 54. Kd5 Ke7 55. Ke5 1-0

[Event "España ch-2015 sub-16"]
[Site "Salobreña ESP"]
[Date "2015.07.22"]
[Round "5.15"]
[White "Porta Tovar, Guillem"]
[Black "Povill Claros, Xavier"]
[Result "1/2-1/2"]
[WhiteElo "1945"]
[BlackElo "2107"]
[PlyCount "150"]
[EventDate "2015.07.20"]
[EventType "swiss"]
[EventRounds "9"]
[EventCountry "ESP"]
[Source "lmi"]
[SourceDate "2015.07.20"]

1. e4 c5 2. Nf3 e6 3. d3 Nc6 4. g3 Nge7 5. Bg2 g6 6. O-O Bg7 7. Qe2 e5 8. c3
O-O 9. a3 d6 10. b4 a6 11. Be3 b6 12. Rd1 Be6 13. Nbd2 h6 14. Nh4 Kh7 15. Rac1
Rc8 16. f4 f5 17. Ndf3 Qd7 18. Bh1 exf4 19. gxf4 Rfe8 20. Qg2 Bf7 21. Qh3 Be6
22. Qg3 Bf7 23. Bg2 Be6 24. Kh1 Bh8 25. Rg1 Rg8 26. Bf1 Na7 27. Qh3 Bf6 28.
Nxf5 Nxf5 29. Ng5+ Bxg5 30. fxg5 h5 31. exf5 Bxf5 32. Qg3 Nc6 33. Bf4 Rcd8 34.
Rd1 Rge8 35. Bg2 Re6 36. Bd5 Re2 37. Qf3 Ne7 38. Qxe2 Nxd5 39. Bd2 Bg4 40. Rxg4
Qxg4 41. Qxg4 hxg4 42. c4 Ne7 43. Rg1 Rf8 44. Rxg4 Rf1+ 45. Rg1 Rf3 46. Rg3
Rxg3 47. hxg3 Kg7 48. Bf4 Nc8 49. Kg2 Kf7 50. Kf3 Ke6 51. Ke4 a5 52. bxa5 bxa5
53. Bd2 a4 54. Ba5 Ne7 55. d4 Nc8 56. g4 Ne7 57. Bb6 cxd4 58. Bxd4 Nc6 59. Bc3
Nd8 60. Kd3 Nc6 61. Bb2 Kd7 62. Bd4 Ke6 63. Ke4 Na5 64. c5 d5+ 65. Kd3 Nc4 66.
Kc3 Nxa3 67. Bf6 Nc4 68. Kb4 a3 69. Kb5 a2 70. c6 Kd6 71. Bc3 Na3+ 72. Kb6 Nc4+
73. Kb5 Na3+ 74. Kb6 Nc4+ 75. Kb5 Na3+ 1/2-1/2

[Event "España ch-2015 sub-16"]
[Site "Salobreña ESP"]
[Date "2015.07.22"]
[Round "5.16"]
[White "Alfaya Marcelo, Roberto"]
[Black "Antunez Munoz, Ines"]
[Result "1/2-1/2"]
[WhiteElo "2097"]
[BlackElo "1873"]
[PlyCount "89"]
[EventDate "2015.07.20"]
[EventType "swiss"]
[EventRounds "9"]
[EventCountry "ESP"]
[Source "lmi"]
[SourceDate "2015.07.20"]

1. c4 e5 2. g3 Nf6 3. Bg2 c6 4. d4 exd4 5. Qxd4 Na6 6. Nf3 Bc5 7. Qe5+ Be7 8.
O-O O-O 9. Qc3 d5 10. Nbd2 Bf5 11. a3 Nc5 12. Nd4 Bg6 13. Rd1 Nce4 14. Nxe4
Nxe4 15. Qe3 Re8 16. cxd5 Qxd5 17. Qb3 Qxb3 18. Nxb3 Rad8 19. Be3 Bf6 20. Bd4
Bxd4 21. Nxd4 Rd6 22. Nf3 Red8 23. Rxd6 Rxd6 24. Nh4 Nc5 25. Nxg6 hxg6 26. b4
Nb3 27. Rb1 Nd4 28. e3 Nb5 29. a4 Nc3 30. Ra1 a6 31. Bf3 Kf8 32. Ra3 Nb1 33.
Ra1 Nc3 34. Kg2 Ke7 35. Ra3 Nd5 36. b5 a5 37. bxc6 bxc6 38. Bxd5 Rxd5 39. Rb3
Ke6 40. Kf3 Kd6 41. Ke2 Kc7 42. Rd3 Rc5 43. Kd2 Rc4 44. Rd4 Rxd4+ 45. exd4
1/2-1/2

[Event "España ch-2015 sub-16"]
[Site "Salobreña ESP"]
[Date "2015.07.22"]
[Round "5.17"]
[White "Lechuga Cabrero, Diego"]
[Black "Buiza Prieto, Eihartze"]
[Result "0-1"]
[WhiteElo "1753"]
[BlackElo "2095"]
[PlyCount "164"]
[EventDate "2015.07.20"]
[EventType "swiss"]
[EventRounds "9"]
[EventCountry "ESP"]
[Source "lmi"]
[SourceDate "2015.07.20"]

1. e4 d6 2. d4 Nf6 3. Nc3 c6 4. Nf3 Bg4 5. Be2 e6 6. O-O Bxf3 7. Bxf3 d5 8.
exd5 cxd5 9. Re1 Be7 10. Bf4 Nc6 11. a3 a6 12. Rb1 O-O 13. Qd3 Rc8 14. Nd1 b5
15. c3 Re8 16. Ne3 Bf8 17. Bg5 Be7 18. Bxf6 Bxf6 19. g3 g6 20. Bg2 Bg7 21. f4
Qd6 22. Kf2 Rb8 23. h4 h5 24. Bf3 Ne7 25. Rbd1 a5 26. b4 Rec8 27. Rc1 axb4 28.
axb4 f5 29. Ra1 Qc6 30. Rec1 Rc7 31. Ra5 Nc8 32. Rc2 Bf8 33. Nd1 Bxb4 34. Raa2
Be7 35. Rab2 Nd6 36. Ne3 Rcb7 37. Kg2 Kf7 38. Kf2 Nc4 39. Nxc4 bxc4 40. Qe2 Bd6
41. Rxb7+ Qxb7 42. Bxh5 gxh5 43. Qxh5+ Ke7 44. Qh7+ Kd8 45. Qg8+ Kd7 46. Qf7+
Be7 47. Re2 Qb6 48. h5 Rf8 49. Qg7 Qd8 50. Qe5 Rf6 51. Ra2 Ke8 52. Rb2 Bd6 53.
Qe2 Qa5 54. Rc2 Rh6 55. Ke3 Kf7 56. g4 Qc7 57. Qf3 fxg4 58. Qxg4 Bxf4+ 59.
Qxf4+ Qxf4+ 60. Kxf4 Rxh5 61. Ra2 Kf6 62. Ra8 Rh3 63. Ra3 Rh8 64. Ra2 Rb8 65.
Rf2 Rb3 66. Rf3 Rb2 67. Kg4+ Ke7 68. Re3 Rf2 69. Kg3 Rf8 70. Re2 Kd6 71. Ra2
Rb8 72. Ra6+ Ke7 73. Ra2 Rb3 74. Rc2 e5 75. dxe5 d4 76. Kf4 d3 77. Rd2 Rxc3 78.
Ke3 Ke6 79. Kd4 Rc2 80. Rd1 d2 81. Ke3 c3 82. Ke2 Rc1 0-1

[Event "España ch-2015 sub-16"]
[Site "Salobreña ESP"]
[Date "2015.07.22"]
[Round "5.18"]
[White "Goni Navarro, Pablo"]
[Black "Serra Canals, Oriol"]
[Result "0-1"]
[WhiteElo "1978"]
[BlackElo "2100"]
[PlyCount "52"]
[EventDate "2015.07.20"]
[EventType "swiss"]
[EventRounds "9"]
[EventCountry "ESP"]
[Source "lmi"]
[SourceDate "2015.07.20"]

1. c4 e6 2. g3 Nf6 3. Bg2 d5 4. Nf3 Be7 5. O-O O-O 6. d4 b6 7. Nc3 Bb7 8. Ne5
Nbd7 9. Qa4 c5 10. Nxd7 Nxd7 11. cxd5 cxd4 12. Qxd4 Bf6 13. Qd1 Bxc3 14. bxc3
exd5 15. Bxd5 Bxd5 16. Qxd5 Nf6 17. Qxd8 Rfxd8 18. Be3 Rac8 19. Bd4 Nd5 20.
Rfc1 Rc4 21. a4 Rdc8 22. Ra3 Rxd4 23. a5 b5 24. Rb3 Rdc4 25. Rxb5 Nxc3 26. Re5
Nxe2+ 0-1

[Event "España ch-2015 sub-16"]
[Site "Salobreña ESP"]
[Date "2015.07.22"]
[Round "5.19"]
[White "Ventura Bolet, Alexandre"]
[Black "Henderson de La Fuente, Andrea"]
[Result "1/2-1/2"]
[WhiteElo "2087"]
[BlackElo "1947"]
[PlyCount "109"]
[EventDate "2015.07.20"]
[EventType "swiss"]
[EventRounds "9"]
[EventCountry "ESP"]
[Source "lmi"]
[SourceDate "2015.07.20"]

1. e4 d6 2. d4 Nf6 3. Nd2 e5 4. c3 Nbd7 5. Ngf3 Be7 6. Bd3 c6 7. O-O O-O 8. Re1
Re8 9. Nf1 Bf8 10. Ng3 g6 11. h3 Rb8 12. a4 b6 13. Bd2 Bb7 14. Qb3 Qc7 15. Ng5
d5 16. exd5 cxd5 17. dxe5 Nxe5 18. Bb5 Bc6 19. Bxc6 Nxc6 20. Nf3 Bc5 21. Nf1
Rbd8 22. Be3 Ne4 23. Rad1 Bxe3 24. Nxe3 d4 25. cxd4 Qf4 26. Ng4 h5 27. Qe3 Qd6
28. Nge5 Nf6 29. Qb3 Nd5 30. Nxc6 Qxc6 31. Rxe8+ Rxe8 32. Ne5 Qd6 33. Rc1 Rd8
34. Qf3 Qe6 35. Rc6 Qe7 36. Nxg6 Qg5 37. Ne5 Qg7 38. Rh6 Ne7 39. Rxh5 Ng6 40.
Nxg6 fxg6 41. Rh4 g5 42. Rg4 Rxd4 43. Rxd4 Qxd4 44. Qa8+ Kh7 45. Qxa7+ Kh6 46.
Qe7 Qxb2 47. h4 Qc1+ 48. Kh2 Qf4+ 49. Kg1 Qc1+ 50. Kh2 Qf4+ 51. Kh1 Qc1+ 52.
Kh2 Qf4+ 53. g3 Qxf2+ 54. Kh3 Qf1+ 55. Kg4 1/2-1/2

[Event "España ch-2015 sub-16"]
[Site "Salobreña ESP"]
[Date "2015.07.22"]
[Round "5.20"]
[White "Navarro Cabrera, Carlos"]
[Black "Lacruz Algarate, Alvaro"]
[Result "1-0"]
[WhiteElo "1926"]
[BlackElo "2072"]
[PlyCount "73"]
[EventDate "2015.07.20"]
[EventType "swiss"]
[EventRounds "9"]
[EventCountry "ESP"]
[Source "lmi"]
[SourceDate "2015.07.20"]

1. e4 e5 2. f4 d6 3. Nf3 Nc6 4. Bc4 Be6 5. Bxe6 fxe6 6. fxe5 dxe5 7. O-O Bc5+
8. Kh1 Nf6 9. d3 Qd7 10. b4 Bxb4 11. Bb2 O-O-O 12. Nxe5 Nxe5 13. Bxe5 Nxe4 14.
Qe2 Nf6 15. Nd2 Rhf8 16. Rab1 Nd5 17. Ne4 Bd6 18. Ng5 Rf5 19. Rxf5 exf5 20.
Bxd6 cxd6 21. Qf2 Kb8 22. Nxh7 Rh8 23. Qd4 Nb6 24. Ng5 Re8 25. Qf2 d5 26. Re1
g6 27. h3 Nc8 28. Qf4+ Ka8 29. Rxe8 Qxe8 30. Qc7 a6 31. Nf7 Ka7 32. Nd8 Nd6 33.
Qxd6 f4 34. Ne6 g5 35. Qxd5 Qf7 36. Qc5+ Kb8 37. Qf8+ 1-0

[Event "España ch-2015 sub-16"]
[Site "Salobreña ESP"]
[Date "2015.07.22"]
[Round "5.21"]
[White "Serrano Leiva, Ana"]
[Black "Vidal Fernandez, Pablo"]
[Result "0-1"]
[WhiteElo "1889"]
[BlackElo "2057"]
[PlyCount "88"]
[EventDate "2015.07.20"]
[EventType "swiss"]
[EventRounds "9"]
[EventCountry "ESP"]
[Source "lmi"]
[SourceDate "2015.07.20"]

1. e4 c5 2. Nf3 e6 3. d4 cxd4 4. Nxd4 Nf6 5. Nc3 Nc6 6. Be2 Bb4 7. Nxc6 bxc6 8.
Qd3 O-O 9. Bf4 d5 10. O-O Bxc3 11. Qxc3 Nxe4 12. Qxc6 Bd7 13. Qa6 Qf6 14. Be3
Qxb2 15. Bd3 Nf6 16. Qa5 Qe5 17. Rab1 Ng4 18. g3 Qh5 19. h4 Nxe3 20. fxe3 Qe5
21. Qe1 Bc6 22. Rf4 Qc7 23. Qf2 a5 24. Rg4 f5 25. Rf4 g6 26. Qh2 e5 27. Rf2 e4
28. Bf1 Rab8 29. Rd1 Qa7 30. Re2 Qc5 31. Qf2 a4 32. Red2 a3 33. c4 dxc4 34. Rc1
Bb5 35. Rdc2 Rfc8 36. Qf4 Qc7 37. Bxc4+ Kg7 38. Qf2 Bxc4 39. Rxc4 Qxc4 40. Rxc4
Rxc4 41. Qd2 Rb2 42. Qd1 Rcc2 43. h5 Rg2+ 44. Kh1 Rh2+ 0-1

[Event "España ch-2015 sub-16"]
[Site "Salobreña ESP"]
[Date "2015.07.22"]
[Round "5.22"]
[White "Guniaeva, Olga"]
[Black "Jimenez Ruano, Adrian"]
[Result "0-1"]
[WhiteElo "1800"]
[BlackElo "2053"]
[PlyCount "86"]
[EventDate "2015.07.20"]
[EventType "swiss"]
[EventRounds "9"]
[EventCountry "ESP"]
[Source "lmi"]
[SourceDate "2015.07.20"]

1. d4 Nf6 2. c4 g6 3. Nc3 Bg7 4. Nf3 d6 5. Bg5 h6 6. Bh4 g5 7. Bg3 Nh5 8. e3 e6
9. Bd3 Nc6 10. Ne2 f5 11. h3 e5 12. Bc2 Qf6 13. d5 Ne7 14. Rb1 O-O 15. O-O Bd7
16. b4 Be8 17. Bh2 c6 18. Nc3 Bh8 19. Bb3 Bf7 20. Rc1 cxd5 21. cxd5 a6 22. b5
Rac8 23. Qe2 axb5 24. Qxb5 Rb8 25. Qb4 Be8 26. e4 f4 27. Nb5 Bxb5 28. Qxb5 Ng7
29. Rc7 b6 30. Qa6 h5 31. Rb7 g4 32. hxg4 hxg4 33. Nd2 Qg5 34. Nb1 g3 35. fxg3
fxg3 36. Bxg3 Rxf1+ 37. Kxf1 Rf8+ 38. Ke2 Qxg3 39. Nd2 Rf2+ 40. Kd1 Qc3 41. Qe2
Qa1+ 42. Nb1 Qxb1+ 43. Kd2 Qb2+ 0-1

[Event "España ch-2015 sub-16"]
[Site "Salobreña ESP"]
[Date "2015.07.22"]
[Round "5.23"]
[White "Ros Alonso, Jaume"]
[Black "Llamas Guevara, Francisco Jose"]
[Result "1-0"]
[WhiteElo "2028"]
[BlackElo "1945"]
[PlyCount "81"]
[EventDate "2015.07.20"]
[EventType "swiss"]
[EventRounds "9"]
[EventCountry "ESP"]
[Source "lmi"]
[SourceDate "2015.07.20"]

1. e4 e6 2. d4 d5 3. Nd2 dxe4 4. Nxe4 Bd7 5. Nf3 Bc6 6. Bd3 Be7 7. O-O Nd7 8.
b3 Ngf6 9. Ng3 O-O 10. Bb2 b6 11. c4 Bb7 12. Qe2 Re8 13. Rad1 Nf8 14. h4 Ng6
15. Bxg6 hxg6 16. Ne5 Bd6 17. Rd3 Qe7 18. h5 Bxe5 19. dxe5 Nd7 20. hxg6 fxg6
21. Qg4 Rad8 22. Rfd1 Qf7 23. f3 Rf8 24. Qg5 Bc6 25. Bc1 Rb8 26. Rd4 Rfe8 27.
Ba3 Nf8 28. Rf4 Nh7 29. Qg4 Nf6 30. exf6 gxf6 31. Rfd4 e5 32. R4d2 b5 33. cxb5
Bxb5 34. Qe4 Kh8 35. Kf2 Kg7 36. Bb2 Qe6 37. Qe3 Rb6 38. Rh1 g5 39. Qe4 Rd6 40.
Qh7+ Kf8 41. Ba3 1-0